| 000 | 00760nam a2200253 a 4500 | ||
|---|---|---|---|
| 008 | |||
| 020 | _a0340662786 (pbk.) | ||
| 049 | _aMAIN | ||
| 090 | _aTK2901 | ||
| 245 | 0 | 0 |
_aModern batteries : _ban introduction to electrochemical power sources / _cC.A. Vincent [and] B. Scrosati. |
| 250 | _a2nd ed. | ||
| 260 |
_aLondon : _bArnold, _c1997. |
||
| 300 |
_axii, 351 p. : _bill. ; _c24 cm. |
||
| 500 | _aIncludes index. | ||
| 504 | _aIncludes bibliographical references. | ||
| 650 | 0 | _aElectric batteries. | |
| 700 | 1 | _aVincent, Colin Angus. | |
| 700 | 1 | _aScrosati, Bruno. | |
| 907 |
_a.b10174448 _b15-09-05 _c06-09-05 |
||
| 003 | |||
| 005 | 20230123134104.0 | ||
| 040 | _cNUST | ||
| 942 |
_cBOOKS _kTK2901 |
||
| 999 |
_c159842 _d159842 |
||